00652nam a2200205 a 4500001000800000005001700008008004100025020001700066040001800083082002800101100002400129245007800153250001200231260005300243300001300296500002000309942000600329952009800335999001300433386830020240202021213.0881007s1988 ii b 001 0 eng  a8170301238 : aDLCcDLCdDLC00a306/.09549/3219bHETT.1 aHettiaratchi, S. B.10aSocial and cultural history of ancient Sri Lanka /cby S.B. Hettiaratchi. a1st ed. aDelhi, India :bSri Satguru Publications,c1988. a302 p. ; aIncludes index. cL 001040708LaWERCLbWERCLd2024-02-02l0o306/.09549/3 HETT.p64r2024-02-02w2024-02-02yL c275d275